[Event "Sharjah Master 2024"]
[Site "Shsrjah - Abu Dhabi"]
[Date "2024.05.16"]
[Round "?"]
[White "Erigaisi Arjun"]
[Black "Kacharava, Nikolozi"]
[Result "1-0"]
[WhiteElo "2761"]
[BlackElo "2527"]
[PlyCount "87"]
[EventDate "2024.05.14"]
[EventCountry "UAE"]

{[%evp 11,87,26,32,20,26,19,37,-1,25,25,30,28,31,30,33,27,37,33,35,37,34,28,30,30,29,-5,34,32,51,36,114,129,175,73,92,49,171,178,191,184,189,185,198,62,178,184,148,165,139,140,225,212,340,336,353,264,260,258,358,355,344,325,364,370,367,371,380,379,365,367,372,366,361,341,402,404,481,478]} 1. d4 d5 2. c4 dxc4 3. Nf3 Nf6 4. e3 e6 5. Bxc4 c5 6. O-O a6 7. Be2 Nc6 8. dxc5 Bxc5 9. Nbd2 $146 {White is slightly better.} ({RR} 9. Qxd8+ Kxd8 10. b3 Ke7 11. Bb2 Bd7 12. Nbd2 b5 13. Rfc1 Bd6 14. a4 Rab8 15. axb5 axb5 16. Nd4 Nxd4 17. Bxd4 Rhc8 18. Bf3 e5 19. Bb2 Rxc1+ 20. Rxc1 Rc8 21. Rxc8 Bxc8 22. Ne4 Nxe4 23. Bxe4 Be6 {Lagarde,M (2638)-Terry,R (2522) chess.com INT 2024 ½-½ (33)}) ({RR} 9. Qxd8+ Kxd8 10. Nc3 Ke7 11. b3 Bd7 12. Na4 Bd6 13. Nb6 Rad8 14. Rd1 Bc5 15. Nxd7 Rxd7 16. Rxd7+ Nxd7 17. Bb2 f6 18. Rc1 Bd6 (18... Rc8 $11 {remains equal.}) 19. Nd2 ({Better is} 19. Bxa6 $16 Ra8 20. Bxb7 {[%mdl 64] Double Attack} Rxa2 21. Bxf6+ gxf6 22. Bxc6) 19... Rc8 20. Ne4 Bb4 21. a3 Bd6 22. Nxd6 Kxd6 23. Kf1 Rc7 {Lopusiewicz,P (2301)-Estrada Nieto,J (2212) chess.com INT 2023 0-1 (42)}) 9... O-O 10. a3 Be7 11. b4 Nd5 12. Bb2 Bf6 13. Qc2 Bd7 14. Ne4 Bxb2 15. Qxb2 Qe7 16. Nc5 Rfd8 17. Nxd7 ({Avoid the trap} 17. Nxb7 $2 Rdb8 $19) 17... Rxd7 18. Nd2 Rad8 {White must now prevent ...Nxe3!} 19. Nb3 Nb6 20. Rfc1 e5 $6 {Inaccuracy. Na4 was best.} (20... Na4) (20... Na4 $14 21. Qc2 Rc8) 21. h3 $16 Rd6 22. Rc2 $6 {Inaccuracy. Nc5 was best.} (22. Nc5 $1 Rd2 23. Rc2 Rxc2 24. Qxc2 a5 25. bxa5 Nxa5 26. Qc3 $1 {[%cal Rc3a5]} Rc8 27. Qxa5 Qxc5) (22. Nc5 $1 $18 {and White stays clearly on top.}) 22... e4 23. Nc5 f5 $2 {Mistake. Nd5 was best.} (23... Nd5 24. Rac1 h6 25. Qb3 Kh8 26. b5 axb5 27. Qxb5 b6 $1 28. Nxe4 Nd4 $1 29. exd4) (23... Nd5 $14) 24. b5 $18 axb5 25. Qxb5 Na7 26. Qa5 Nac8 27. Nb3 $6 {Inaccuracy. Rac1 was best.} (27. Rac1 h6 28. a4 Rc6 29. Nb3 Rxc2 30. Rxc2 f4 (30... Qf6 {was necessary.} 31. Rc7 Kh7 32. Rxb7 Rd5) 31. Bg4 fxe3 32. fxe3 Kh7) (27. Rac1 $18) 27... Qf6 $2 {Mistake. Nd5 was best.} (27... Nd5 28. Nd4 Qf6 29. Rb1 Ncb6 30. Nb5 R6d7 31. Nc7 h6 32. Nxd5 Nxd5 33. Rd1) ({Black should play} 27... Nd5 $14) 28. Rac1 Ne7 29. Nc5 Ra8 30. Qb4 Ned5 (30... Ra7 $16) 31. Qb5 $1 Qf7 $6 {Inaccuracy. Qe7 was best.} (31... Qe7 32. a4 $1 {[%cal Ra4a5]} Nc7 33. Bc4+ Nxc4 34. Qxc4+ Ne6 {[#]} 35. Qb5 $1 Qe8 36. Qxe8+ Rxe8 37. Nxb7) (31... Qe7 {keeps fighting.} 32. a4 Nc7 33. Bc4+ Nxc4 34. Qxc4+ Ne6) 32. a4 Nc7 33. Qb4 $6 {Inaccuracy. Qb1 was best.} (33. Qb1 Ncd5 34. a5 Rxa5 {[#]} 35. Nxe4 $1 Rc6 36. Nd6 Qf6 37. Rxc6 bxc6 38. Nxf5 c5) 33... Nbd5 34. Qa3 b5 $6 {[#] Inaccuracy. Rg6 was best.} (34... Rg6 35. Nxb7 h6 36. Kh1 Qf6 37. Nc5 Qe7 38. a5 f4 39. exf4 Nxf4 40. Bf1) 35. Nxe4 $1 {[%mdl 512]} Rg6 (35... fxe4 36. Qxd6) 36. Nc5 Kh8 37. Nd3 Rxa4 38. Ne5 Rxa3 39. Nxf7+ Kg8 40. Rxc7 Nxc7 41. Rxc7 Rb6 42. Ne5 {[%cal Rc7c8]} Ra8 43. Bf3 Rf8 44. Nd7 {Accuracy: White = 77%, Black = 50%.} 1-0

[Event "Sharjah Master 2024"]
[Site "Shsrjah - Abu Dhabi"]
[Date "2024.05.16"]
[Round "?"]
[White "Safarli, Eltaj"]
[Black "Radjabov, Teimour"]
[Result "1/2-1/2"]
[WhiteElo "2594"]
[BlackElo "2723"]
[PlyCount "54"]
[EventDate "2024.05.14"]
[EventCountry "UAE"]

1. e4 e5 2. Nf3 Nf6 3. Nxe5 d6 4. Nf3 Nxe4 5. d4 d5 6. Bd3 Bd6 7. O-O O-O 8. c4 c6 9. Nc3 Nxc3 10. bxc3 dxc4 11. Bxc4 Bf5 12. Bg5 Qa5 13. Nh4 Be6 14. Bxe6 Qxg5 15. Nf3 Qa5 16. Bh3 Qxc3 17. Rb1 b6 18. Rb3 Qa5 19. d5 cxd5 20. Ng5 g6 21. Rd3 Nc6 22. Bd7 $146 ({RR} 22. Rxd5 Bc5 23. Ne4 Rad8 24. Nf6+ Kg7 25. Nd7 Qxa2 26. Rd2 Qa5 27. Qc1 Ne5 28. Qb2 f6 29. Ra1 Qb4 30. Rxa7 Qxb2 31. Rxb2 Nxd7 32. Rxd7+ Rxd7 33. Bxd7 Rd8 34. Rd2 f5 35. Kf1 Kf6 36. Rd3 Ra8 {Cahaya,S (2184)-Madaminov,M (2501) chess.com INT 2024 ½-½ (100)}) 22... Ne7 23. Qa1 d4 24. Nxh7 Kxh7 25. Qxd4 Be5 26. Qh4+ Kg7 27. Qxe7 Qc5 1/2-1/2

[Event "Sharjah Master 2024"]
[Site "Shsrjah - Abu Dhabi"]
[Date "2024.05.16"]
[Round "?"]
[White "Artemiev, Vladislav"]
[Black "Pranav, V."]
[Result "1/2-1/2"]
[WhiteElo "2705"]
[BlackElo "2587"]
[PlyCount "65"]
[EventDate "2024.05.14"]
[EventCountry "UAE"]

{[%evp 15,65,59,60,45,65,51,51,24,24,26,32,38,33,33,70,69,103,106,109,109,104,116,118,111,180,182,245,241,216,120,221,67,93,89,85,0,0,0,0,0,0,0,0,0,0,0,0,0,0,0,0,0]} 1. e4 e5 2. Nf3 Nc6 3. Bb5 a6 4. Ba4 Nf6 5. O-O Be7 6. Re1 d6 7. c3 Bg4 8. d3 Nd7 9. Be3 h6 10. Nbd2 Bg5 11. Bxc6 $146 {White is slightly better.} ({RR} 11. Nf1 Qf6 12. Ng3 Bxf3 13. Qxf3 Qxf3 14. gxf3 g6 15. Ne2 O-O-O 16. d4 Bxe3 17. fxe3 Nb6 18. Bxc6 bxc6 19. Kf2 Kd7 20. Rad1 Ke6 21. Nc1 f6 22. Nd3 a5 23. b3 Nd7 24. c4 Ke7 ({Black should try} 24... c5 $11) 25. c5 dxc5 {Nanjo,R (2346)-Panjwani,R (2468) Cappelle la Grande FRA 2024 1-0 (65)}) 11... bxc6 12. d4 c5 13. Bxg5 hxg5 14. h3 Bxf3 15. Nxf3 Qf6 16. Qa4 g4 17. hxg4 Qh6 {[%csl Gh8][%cal Rh6h1]} 18. Kf1 Rb8 19. b3 Qf4 (19... exd4 $16 20. cxd4 cxd4) 20. dxe5 $18 dxe5 (20... Rb6 $142 21. g5 Qg4) 21. g5 Rb6 22. Ke2 ({Better is} 22. Rad1 $18 Rh1+ 23. Ke2 Rxe1+ 24. Rxe1 (24. Kxe1 Rd6 $16)) 22... Rd6 $6 {Inaccuracy. Qg4 was best.} (22... Qg4 23. Rad1 Ke7 24. Rd3 Rd6 25. Rxd6 cxd6 26. Qc6 Rb8 {[#]} (26... Qxg2 $16 27. Rd1 Qg4 28. Qxd6+ Ke8) 27. Rh1 $1 {[%cal Rh1h4]} Rb6 28. Qd5) (22... Qg4 $16 {was worth a try.}) 23. Rh1 $2 {Mistake. Rad1 was best.} (23. Rad1 Ke7 24. Rxd6 cxd6 25. g3 Qg4 26. Qc6 Nb8 27. Qd5 Qc8 28. Rd1 Qe6) (23. Rad1 $18) 23... Rxh1 $1 $14 24. Rxh1 Qg4 25. g3 (25. g6 $16) 25... Rd3 $1 $36 {[%mdl 2112] [#] Double Attack. Black has good play.The position is equal.} 26. Rh8+ Ke7 27. Kxd3 Qxf3+ {[%mdl 4160] Endgame Double Attack. KQR-KQN} 28. Kc2 Qxf2+ 29. Kb1 Qe1+ 30. Kb2 {Black must now prevent Rh2.} Qd2+ {[%mdl 64] Double Attack} 31. Kb1 Qd1+ 32. Kb2 {Rh2 is the strong threat.} Qd2+ {[%mdl 64] Double Attack} 33. Kb1 {Accuracy: White = 67%, Black = 66%.} 1/2-1/2

[Event "Sharjah Master 2024"]
[Site "Shsrjah - Abu Dhabi"]
[Date "2024.05.16"]
[Round "?"]
[White "Vokhidov, Shamsiddin"]
[Black "Sevian, Samuel"]
[Result "1/2-1/2"]
[WhiteElo "2591"]
[BlackElo "2698"]
[PlyCount "38"]
[EventDate "2024.05.14"]
[EventCountry "UAE"]

1. e4 e6 2. d4 d5 3. e5 c5 4. c3 Nc6 5. Nf3 Qb6 6. a3 Bd7 7. b4 cxd4 8. cxd4 Rc8 9. Be3 Nh6 10. Bd3 Ng4 11. O-O Be7 12. Nbd2 Nxe3 13. fxe3 Nb8 14. Qe2 $146 ({RR} 14. Nb3 Ba4 15. Qb1 Bxb3 16. Qxb3 O-O 17. Rac1 Nd7 18. Rc2 Rc7 19. Rfc1 Rfc8 20. Rxc7 Rxc7 21. Rxc7 Qxc7 22. Qc2 Qxc2 23. Bxc2 Nb6 24. Nd2 Nc4 25. Nxc4 dxc4 26. Kf2 b5 27. e4 Kf8 28. d5 Bg5 {Fernandez Siles,L (2218)-Shuvalov,E (2079) chess.com INT 2024 0-1 (37)}) 14... Rc3 15. Rfc1 Rxc1+ 16. Rxc1 a5 17. bxa5 Qxa5 18. Rb1 b6 19. Qd1 O-O 1/2-1/2

[Event "Sharjah Master 2024"]
[Site "Shsrjah - Abu Dhabi"]
[Date "2024.05.16"]
[Round "?"]
[White "Narayanan S L"]
[Black "Nesterov, Arseniy"]
[Result "0-1"]
[WhiteElo "2695"]
[BlackElo "2589"]
[PlyCount "72"]
[EventDate "2024.05.14"]
[EventCountry "UAE"]

{[%evp 15,72,35,39,-7,-5,-17,-13,-16,-19,-31,-35,-41,-15,-14,0,-36,0,-12,66,-9,-14,-14,-9,-10,-7,-32,-32,-34,-12,-61,-53,-352,-351,-348,-349,-343,-350,-344,-331,-333,-332,-436,-435,-434,-436,-434,-433,-430,-433,-431,-430,-428,-413,-414,-416,-491,-485,-490,-485]} 1. c4 e6 2. Nc3 d5 3. d4 Nf6 4. cxd5 exd5 5. Bg5 c6 6. e3 Be7 7. Bd3 O-O 8. Nf3 Re8 9. Bf4 $146 ({RR} 9. Qc2 Ne4 10. Bf4 Bf5 11. O-O Bf8 12. Nd2 (12. Ne5 $16) 12... Nxc3 13. bxc3 Bxd3 14. Qxd3 Nd7 15. c4 dxc4 16. Nxc4 Nc5 17. Qc2 Ne6 18. Bg3 h5 19. h3 c5 20. dxc5 Bxc5 21. Rad1 Qg5 22. h4 Qf6 23. Rd5 g6 {Tomashevsky,E (2681)-Lagno,K (2542) Moscow RUS 2023 1-0 (48)} ({Black should try} 23... Qg6 $14 24. Qe2 Rad8)) ({RR} 9. h3 Ne4 10. Bf4 Bf5 11. Qc2 Nd7 12. O-O Ndf6 13. Ne5 Bf8 (13... Be6 $14) 14. f3 Nxc3 15. bxc3 $2 (15. Bxf5 $18 Nb5 16. Bg5) 15... Bxd3 16. Qxd3 Nd7 17. Ng4 b5 18. e4 dxe4 19. fxe4 Nc5 20. Qf3 Nxe4 21. Ne5 $2 (21. Be5 $11 f6 22. Qxe4 fxe5 23. Nxe5) 21... Qd5 22. Rae1 Nf6 $1 23. Nxc6 (23. Qf2 $142) 23... Qxf3 $1 {Bluebaum,M (2658)-Lagno,K (2542) chess.com INT 2024 ½-½ (59)}) ({RR} 9. Qc2 h6 10. Bf4 Nh5 11. O-O Nxf4 12. exf4 Nd7 13. Rfe1 Nf6 14. Ne5 Bd6 15. h3 Be6 16. Re2 Rc8 17. Rd1 Qc7 18. Qd2 b5 19. a3 a5 20. Bb1 b4 21. axb4 axb4 22. Na4 Ra8 (22... Ne4 $1 $11 {[%mdl 512] keeps the balance.} 23. Bxe4 dxe4) 23. b3 (23. Nc5 $16) 23... Ne4 $1 {Dubnevych,M (2293)-Venkatesh,N (2033) chess.com INT 2024 1-0 (37)}) 9... Nh5 10. Be5 Nd7 11. Qc2 {The position is equal.} g6 12. h3 Nxe5 13. dxe5 b5 14. O-O Bd7 15. Rad1 Bf8 16. Rfe1 Qb6 (16... Rc8 $11) 17. Bf1 (17. g4 $14) 17... Rad8 $11 18. e4 b4 19. Na4 Qa5 20. exd5 cxd5 21. b3 Nf4 22. Kh2 (22. Qd2 $5 {[%cal Rd2f4]} Ne6 23. Qxd5 Qxd5 24. Rxd5 $11) 22... Ne6 23. Nd4 $4 {Blunder. g3 was best.} (23. g3 Bxa4 24. bxa4 Rc8 25. Qd2 Qxa4 26. Qxd5 Red8 27. Qb3 $1 {[%cal Rb3a4]} Qc6 28. h4 Rxd1) (23. h4 $15) 23... Nxd4 $19 24. Rxd4 {[#]} Bxa4 $1 25. bxa4 {[#]} b3 $1 {[%cal Rb3c2][%mdl 512]} 26. Qd1 (26. axb3 Qxe1) 26... bxa2 27. Re2 {[#]} Rxe5 $1 {[%mdl 512]} 28. Rxa2 $6 {Inaccuracy. Rdd2 was best.} (28. Rdd2 d4 29. Rxa2 d3 30. Red2 {[#]} Red5 $1 31. Qb3 Qb4 32. Rab2 Qd6+ 33. g3 h5) (28. Rxe5 $2 {perishes.} Bd6 $19) (28. Rxe5 Bd6) 28... Re1 29. Qd3 Bg7 30. Rh4 Bf6 31. Rg4 {and the idea g3 leaves White hopeful.} h5 32. Rxg6+ fxg6 33. Qxg6+ Bg7 34. Bd3 Qc7+ 35. f4 $6 {Inaccuracy. g3 was best.} (35. g3 Qf7 36. Qh7+ Kf8 37. Kg2 Re6 38. Bb1 Rh6 39. Qd3 h4 40. a5 Kg8) 35... Qxf4+ 36. g3 Qh6 {Accuracy: White = 58%, Black = 82%.} 0-1

[Event "Sharjah Master 2024"]
[Site "Shsrjah - Abu Dhabi"]
[Date "2024.05.16"]
[Round "?"]
[White "Mchedlishvili, Mikheil"]
[Black "Deac, Bogdan-Daniel"]
[Result "1/2-1/2"]
[WhiteElo "2567"]
[BlackElo "2692"]
[PlyCount "123"]
[EventDate "2024.05.14"]
[EventCountry "UAE"]

1. d4 Nf6 2. c4 e6 3. Nf3 d5 4. Nc3 Nbd7 5. Qc2 Bb4 6. g3 dxc4 $146 ({RR} 6... O-O 7. Bg2 Ne4 8. O-O Bxc3 9. bxc3 Nb6 10. c5 Nc4 11. Ne5 Nxe5 12. dxe5 f5 13. exf6 Qxf6 14. Bxe4 dxe4 15. Qxe4 e5 16. Be3 c6 17. Rfd1 Bf5 18. Qb4 Qf7 19. Rd6 Be6 20. a4 Bd5 21. Qg4 {Daneshvar,B (2597)-Alekseenko,K (2650) chess.com INT 2024 ½-½ (62)}) ({RR} 6... O-O 7. Bg2 Ne4 8. O-O Bxc3 9. bxc3 Nb6 10. c5 Nc4 11. Ne1 f5 12. Nd3 b6 13. Rb1 a5 14. f3 Nf6 15. Qa4 Bd7 16. Qc2 Bc8 17. Qa4 Bd7 18. Qc2 Bc8 {½-½ (18) Daneshvar,B (2597)-Alekseenko,K (2650) chess.com INT 2024}) 7. Bg2 c6 8. O-O Qe7 9. Ne5 Nb6 10. Bg5 h6 11. Bxf6 gxf6 12. Nf3 e5 13. Rad1 Bd7 14. d5 O-O-O 15. Nh4 Bxc3 16. d6 $6 {Inaccuracy. dxc6 was best.} (16. dxc6) 16... Qf8 17. Qxc3 Be6 18. Qa3 Kb8 19. f4 exf4 20. Rxf4 Rg8 21. Rxf6 Nc8 22. Qe3 Rxd6 $6 {Inaccuracy. Qg7 was best.} (22... Qg7) 23. Rxd6 Qxd6 24. Nf5 Qd8 25. Qf4+ Ka8 26. Nxh6 Re8 27. Nxf7 $6 {Inaccuracy. e3 was best.} (27. e3 Qd1+ 28. Bf1 Nd6 29. h4 a6 30. g4 Nb5 31. Nxf7 c3 32. bxc3 Nxc3) 27... Qb6+ 28. e3 Qxb2 29. Ng5 Bd7 $4 {Blunder. Qc1+ was best.} (29... Qc1+ 30. Bf1 Bg8 31. h4 c3 32. Rf8 Rxf8 33. Qxf8 Qxe3+ 34. Kh2 Kb8 35. Bh3) 30. Qd4 Qc1+ 31. Bf1 $4 {Blunder. Rf1 was best.} (31. Rf1 Qxe3+ 32. Qxe3 Rxe3 33. Ne4 Kb8 34. h4 Ne7 35. h5 Bf5 36. Rf3 Re1+) 31... Nb6 $2 {Mistake. c3 was best.} (31... c3 32. Rf2 Qxe3 33. Qxe3 Rxe3 34. Rc2 b5 35. Kf2 Re5 36. Nf3 Rc5 37. Bd3) 32. Ne4 Nd5 33. Rf7 Be6 34. Rxb7 $4 {Blunder. Rf2 was best.} (34. Rf2 c3) 34... Qxe3+ 35. Qxe3 Nxe3 36. Rb1 Bf5 37. Nd6 Bxb1 38. Nxe8 c3 39. Nc7+ Kb7 40. Ne6 Bxa2 41. Nc5+ Kc7 42. Be2 c2 43. Nd3 a5 44. Kf2 Nd5 $6 {Inaccuracy. Nf5 was best.} (44... Nf5 45. Nc1) 45. Nc1 $4 {Blunder. Ke1 was best.} (45. Ke1) 45... Nb4 46. Ke3 a4 47. Kd2 Bd5 $2 {Mistake. Bg8 was best.} (47... Bg8 48. Kc3 a3 49. Bh5 Kd6 50. Bg6 a2 51. Kb2 Ke5 52. h4 Kf6 53. h5) 48. Kc3 a3 49. h4 Kd6 50. h5 a2 51. Kb2 Ke7 $2 {Mistake. Ke5 was best.} (51... Ke5 52. h6) 52. h6 Kf6 53. g4 c5 54. g5+ Kg6 55. Bh5+ Kh7 56. Bg4 Be4 57. Be6 Kg6 58. Bg8 Bf5 59. Nxa2 Nc6 60. Nc1 Ne7 61. Bb3 Kxg5 62. Bxc2 1/2-1/2

[Event "Sharjah Master 2024"]
[Site "Shsrjah - Abu Dhabi"]
[Date "2024.05.16"]
[Round "?"]
[White "Sjugirov, Sanan"]
[Black "Muradli, Mahammad"]
[Result "0-1"]
[WhiteElo "2691"]
[BlackElo "2560"]
[PlyCount "122"]
[EventDate "2024.05.14"]
[EventCountry "UAE"]

{[%evp 15,122,24,29,27,34,22,51,50,66,69,71,69,84,9,17,-4,-6,-25,-17,-17,1,-62,-23,-32,-30,-48,-58,-57,-56,-68,-60,-82,-52,-67,-67,-83,-84,-88,0,-81,-78,-69,-85,-74,-82,-80,-79,-76,-76,-79,-83,-85,-86,-97,-97,-114,-101,-191,-188,-216,-207,-214,-213,-281,-281,-417,-430,-376,-423,-476,-392,-396,-188,-406,-228,-371,-359,-403,-359,-402,-74,-397,-367,-488,-499,-587,-563,-688,-720,-672,-691,-570,-633,-29988,-29984,-29984,-29985,-29984,-604,-29977,-29978,-29987,-29980,-29991,-29967,-29960,-29981,-29990,-29991]} 1. e4 c5 2. Nf3 d6 3. d4 cxd4 4. Nxd4 Nf6 5. Nc3 a6 6. Be3 e5 7. Nb3 Be6 8. f3 h5 9. Be2 ({RR} 9. Nd5 Nxd5 10. exd5 Bf5 11. Bd3 Bxd3 12. Qxd3 Nd7 13. O-O-O Be7 14. Kb1 Bg5 15. Bf2 Rc8 16. h4 Bh6 17. Nd2 Qc7 18. Ne4 Ke7 19. g4 Bf4 20. b3 b5 21. g5 Nf8 $2 (21... Rhe8 $16) 22. Bc5 $1 {[%cal Rc5d6]} Rd8 23. c4 Qb8 {Ter Sahakyan,S (2649)-Firouzja,A (2759) chess.com INT 2024 1-0 (33)}) 9... Nbd7 10. f4 Rc8 $146 ({RR} 10... Qc7 11. f5 Bc4 12. a4 Rc8 (12... d5 $15 13. Nxd5 Bxd5 14. exd5 Nb6) 13. Bxc4 Qxc4 14. a5 Be7 15. Ra4 Qc7 16. O-O b5 17. axb6 $1 Nxb6 18. Bxb6 Qxb6+ 19. Kh1 h4 20. h3 Rxc3 21. bxc3 Qc6 22. Qa1 Nxe4 23. Rxa6 Ng3+ 24. Kg1 Qc4 25. f6 {Zeng,C (2597)-Kacprzak,K (2322) Cannes FRA 2024 1-0 (36)}) ({RR} 10... Qc7 11. h3 h4 12. f5 Bc4 13. Bxc4 Qxc4 14. Qe2 (14. Qf3 $14) 14... Rc8 15. Qxc4 Rxc4 16. Nd2 Rc8 17. O-O-O b5 18. Rhe1 Be7 (18... b4 $5 {[%cal Rb4c3]} 19. Ne2 Be7 $11) 19. Kb1 Bd8 20. Nb3 b4 21. Nd5 Nxe4 22. Nxb4 a5 $1 23. Nd5 Ng3 $1 24. Nd2 Nxf5 25. Ne4 {Aquino,J (2166)-Sethuraman,S (2594) Bangalore IND 2024 0-1 (48)}) 11. f5 {White is slightly better.} Bc4 12. Bxc4 $1 Rxc4 13. Qd3 Qc8 14. O-O $6 {Inaccuracy. Nd2 was best.} (14. Nd2 Rc7) ({White should try} 14. Nd2 $16 Rc7 15. O-O) 14... Be7 15. h3 b5 16. a3 O-O 17. Bf2 Qc7 18. Qf3 ({White should play} 18. Nd2 $11) 18... Rc8 (18... d5 $5 19. exd5 Rc8 $11) 19. Rfe1 Qb8 20. Kh1 Bd8 21. Qd3 Bb6 22. Bxb6 Nxb6 23. Nd2 R4c6 24. Rab1 Nc4 {...Nxb2! is the strong threat.} 25. Nxc4 Rxc4 26. Rbd1 R4c6 $6 {Inaccuracy. b4 was best.} (26... b4) (26... b4 $17 27. axb4 Rxb4) 27. Re2 $6 {Inaccuracy. Qe3 was best.} (27. Qe3 b4 28. Nd5 Nxd5 29. Rxd5 Qb6 30. Qg5 Qf2 31. Red1 Qf4 32. Qxh5 bxa3) (27. Qe3 $11) 27... b4 $17 28. axb4 Qxb4 29. Nd5 Nxd5 30. exd5 Rc4 {aiming for ...Rd4.} 31. c3 Qb5 32. Rf2 f6 33. Qe2 h4 34. Qh5 a5 35. Kh2 a4 36. Rdd2 $6 {Inaccuracy. Qe2 was best.} (36. Qe2 Ra8) (36. Qe2 $17) 36... Qe8 $1 $19 {[%cal Re8h5]} (36... Qc6 $4 {[%mdl 8192] 36...e8 -1.68}) 37. Qe2 {[#]} a3 $1 {[%mdl 512]} 38. bxa3 Rxc3 39. Ra2 $6 {Inaccuracy. Rb2 was best.} (39. Rb2) 39... e4 40. Rf1 (40. Rf4 $142 e3 41. Qf3) 40... Qe5+ 41. Kh1 Rc1 42. a4 Qxd5 43. Ra1 Rxf1+ $6 {Inaccuracy. R8c2 was best.} (43... R8c2 44. Qe3 Rxf1+ 45. Rxf1 Ra2 46. a5 Rxa5 47. Rf4 Ra1+ 48. Kh2 Ra4 49. Rxh4) (43... R8c2 $142 44. Qh5 Qc6 45. Qxh4 d5) 44. Qxf1 $2 {[%mdl 4096] Endgame Mistake. Rxf1 was best. KQR-KQR} (44. Rxf1 Ra8) (44. Rxf1 $142 Re8 45. Qh5) 44... Ra8 $2 {Mistake. e3 was best.} (44... e3) (44... e3 $142 {And now ...Rc2 would win.} 45. a5 Rc2) 45. Qe1 (45. Rd1 $142 Qe5 46. Qb5) 45... Qxf5 46. a5 d5 47. a6 d4 $4 {Blunder. Qe5 was best.} (47... Qe5 48. Ra2 e3 49. a7 d4 50. Qe2 Qe4 51. Rb2 g6 $1 52. Qb5 Kg7 53. Qb8) (47... Qe5 $19 {and Black stays clearly on top. Hoping for ...e3.} 48. a7 Qd4) 48. a7 $4 {[#] Blunder. Qb4 was best.} (48. Qb4 Rxa6 (48... Qd7 $1 $17 49. a7 Kh7) 49. Qc4+ Re6 50. Ra6 $1 {[%cal Ra6e6]} Kf7 51. Ra7+ Kg6 52. Qc7 Kh5 53. Qxg7 Re8) (48. Qb4 $17) 48... e3 $1 49. Qxh4 Qe5 $6 {Inaccuracy. Qd5 was best. Strongly threatening ...e2.} (49... Qd5) 50. Qe1 $4 {Blunder. Qg4 was best.} (50. Qg4 e2 51. Re1 Rxa7 52. Qxe2 {[#]} d3 $1 53. Qf1 Qd5 54. Rd1 Rd7 55. Rd2 Qe4) 50... d3 {White must now prevent ...d2.} 51. Ra3 d2 {[%cal Rd2e1]} 52. Qe2 Qd4 53. Rd3 Qxa7 {( -> ...Qc7)} 54. Qg4 $4 {Checkmate is now unavoidable. Rxd2 was best.} (54. Rxd2 exd2 55. Qxd2 Qa5 56. Qxa5 Rxa5 57. Kh2 Ra2 58. Kg1 Kh7 59. g3 Kg8) 54... Qa1+ $2 {Lost forced checkmate sequence. Qc7 was best.} (54... Qc7 55. Qe6+ Kh8 {[%cal Ra8a1]} 56. Qxe3 Ra1+ 57. Qg1 Qc1 {[%csl Ga1][%cal Rc1g1]} 58. Qd1 Qxd1+ 59. Kh2 Qg1+ 60. Kg3) 55. Kh2 Qe5+ 56. g3 f5 $6 {Inaccuracy. e2 was best.} (56... e2) (56... e2 $142 57. Rd7 f5 58. Qf3 Rb8 59. Rxd2 e1=Q 60. Rc2 Q5e4 61. Qxe4 Qxe4 62. Rf2 Rb1 63. g4 f4 64. Rxf4 Qxf4+ 65. Kg2 Rb2+ 66. Kh1 Qh2#) 57. Qc4+ Kh7 {Black mates.} 58. Rd4 $6 {Checkmate is now unavoidable. Qh4+ was best.} (58. Qh4+ Kg6 59. Qb4 d1=R 60. Rxd1 Ra2+ 61. Kh1 Qxg3 {[%csl Ga2][%cal Rg3h2]} 62. Qd6+ Qxd6 63. Rxd6+ Kg5) 58... Ra6 $6 {Lost forced checkmate sequence. e2 was best.} (58... e2 59. Rh4+ Kg6 60. Rg4+ fxg4 61. Qxg4+ Kf7 62. Qc4+ Kf8 63. Qb4+ Ke8 64. Qb7) 59. Rd8 $6 {Checkmate is now unavoidable. Rd5 was best.} (59. Rd5 Qe4) 59... Re6 $6 {Lost forced checkmate sequence. e2 was best.} (59... e2 60. Qh4+ Rh6 61. Rh8+ Kxh8 62. Qd8+ Kh7 63. Qxd2 e1=Q 64. Qxe1 Qxe1 65. h4) 60. Qe2 f4 61. Qd3+ Qe4 {Accuracy: White = 42%, Black = 69%.} 0-1

[Event "Sharjah Master 2024"]
[Site "Shsrjah - Abu Dhabi"]
[Date "2024.05.16"]
[Round "?"]
[White "Martirosyan, Haik M."]
[Black "Sanal, Vahap"]
[Result "1/2-1/2"]
[WhiteElo "2678"]
[BlackElo "2566"]
[PlyCount "116"]
[EventDate "2024.05.14"]
[EventCountry "UAE"]

{[%evp 15,116,24,25,25,34,34,35,-7,-6,-10,-9,-9,-9,-17,-10,-25,-14,-28,20,18,20,13,19,15,23,-4,-7,-8,0,0,0,0,0,0,5,0,0,-39,-41,-64,0,0,0,0,26,27,31,38,81,83,83,83,84,84,81,86,85,81,85,81,81,87,88,85,85,81,81,81,80,78,76,78,82,73,78,79,81,75,80,79,87,75,81,0,0,0,0,0,0,0,0,0,0,0,0,0,0,0,0,0,0,0,0]} 1. d4 Nf6 2. c4 e6 3. Nf3 b6 4. g3 Bb7 5. Bg2 Bb4+ 6. Bd2 Bxd2+ 7. Qxd2 O-O 8. O-O d6 9. Qd3 c5 $146 ({RR} 9... Be4 10. Qe3 Nbd7 11. Nc3 Bb7 $1 12. Qf4 Re8 13. e4 e5 14. Qe3 c6 15. Rad1 Qe7 16. Nh4 g6 17. Qg5 Nh5 18. Qxe7 Rxe7 {[#]} 19. Rd2 (19. d5 $1 $16) 19... Nf8 20. Rfd1 Ne6 21. Nf3 f6 22. Bh3 Nhg7 23. d5 cxd5 24. exd5 {Vidit,S (2742)-Nakamura,H (2788) chess.com INT 2024 0-1 (71)}) 10. Nc3 Nc6 11. e4 {White is slightly better.} e5 12. dxe5 dxe5 13. Nd5 Re8 14. Rae1 Qd6 15. Nd2 Nd4 16. f4 Nxd5 17. cxd5 f6 18. Nc4 Qd7 19. fxe5 fxe5 20. Rf2 Ba6 21. Ref1 Qa4 22. b3 Bxc4 23. bxc4 Qd7 24. Qd1 Qe7 25. Qg4 Rf8 26. h4 Rxf2 27. Rxf2 Rd8 (27... b5 $1 $15 28. Bf1 a6) 28. h5 h6 29. Bh3 Rd6 30. Kg2 Qd8 31. a4 a5 32. Qc8 Qxc8 33. Bxc8 $16 {[%mdl 4096] Endgame KRB-KRN} Rf6 34. Bf5 Kf8 35. g4 Ke7 36. Kg3 Rf8 37. Kh4 Rf6 38. g5 hxg5+ 39. Kxg5 Kd6 40. Kg4 Ke7 41. Rg2 Kf8 42. Rg3 Ne2 43. Re3 Nd4 44. Kg5 Ke7 45. Rh3 Kd6 46. Bg4 Ke7 47. Rh1 Kd6 48. Bd1 Ke7 49. h6 $6 {Inaccuracy. Bg4 was best.} (49. Bg4 Nc2) (49. Rg1 $16) 49... gxh6+ $11 {The position is equal.} 50. Rxh6 Rxh6 51. Kxh6 {KB-KN} Kf6 $1 52. Kh5 {[#] Hoping for Kh6.} Kg7 $1 53. Kg5 Kf7 54. Kh4 {And now Kg5 would win.} Kf6 55. Kh5 {Threatens to win with Kh6.} Kg7 $1 56. Kg5 Kf7 57. Kh6 Kf6 $1 58. Kh5 {Strongly threatening Kh6.} Kg7 $1 {Accuracy: White = 89%, Black = 92%.} 1/2-1/2